|
|
|
|
| LEADER |
00000cam a2200000 7i4500 |
| 001 |
0000000285 |
| 005 |
20000727.0 |
| 020 |
0 |
0 |
|a 9836257497
|
| 090 |
0 |
0 |
|a 338.109595
|b SEK 1997
|
| 245 |
0 |
0 |
|a SEKTOR pertanian :
|b Ke arah pembentukan negara perindustrian
|c penyelenggara, Surtahman Kastin Hasan, Zulkifli Senteri and Zaimah Darawi
|
| 260 |
0 |
0 |
|a Kuala Luampur :
|b DBP ,
|c 1997
|
| 300 |
|
|
|a vii, 315 p. ;
|c 24 cm.
|
| 440 |
0 |
0 |
|a Siri kajian ekonomi Dewan
|
| 650 |
0 |
0 |
|a Agricultural industries
|z Malaysia
|
| 650 |
0 |
0 |
|a Agriculture
|x Economic aspects
|z Malaysia
|
| 700 |
0 |
1 |
|a SURTAHMAN Kastin Hasan
|
| 700 |
0 |
1 |
|a Zaimah Darawi
|
| 700 |
0 |
1 |
|a Zulkifli Senteri
|
| 999 |
|
|
|a 0000001388
|b Monograph
|c Open Shelf
|e Default branch
|